[Event "ITA-ch U14"]
[Site "Tarvisio"]
[Date "2014.06.29"]
[Round "1"]
[White "Lodici, Lorenzo"]
[Black "Galdini, Thomas"]
[Result "1-0"]
[WhiteElo "2105"]
[BlackElo "1467"]
[PlyCount "45"]
[EventDate "2014.06.29"]
[EventType "swiss"]
[EventRounds "9"]
[EventCountry "ITA"]
[SourceTitle "EXT 2015"]
[Source "ChessBase"]
[SourceDate "2014.11.20"]
[SourceVersion "1"]
[SourceVersionDate "2014.11.20"]
[SourceQuality "1"]

1. d4 e6 2. c4 d5 3. Nc3 Nf6 4. cxd5 exd5 5. Bg5 c6 6. Qc2 g6 7. e3 Bg7 8. Bd3 0-0 9. Nge2 Re8 10. 0-0 Qc7 11. Bxf6 Bxf6 12. Nxd5 Qd8 13. Nxf6+ Qxf6 14. e4 Be6 15. Rad1 Rd8 16. f4 Bg4 17. e5 Qe6 18. f5 Qe8 19. h3 Bxe2 20. Bxe2 Nd7 21. Bc4 Nb6 22. fxg6 Nxc4 23. gxf7+ 1-0